[Event "Hoersching op 3rd"]
[Site "Hoersching"]
[Date "2015.09.01"]
[Round "2"]
[White "Rauscher, Guenter"]
[Black "Broser, Christian"]
[Result "0-1"]
[WhiteElo "1114"]
[BlackElo "1681"]
[PlyCount "86"]
[EventDate "2015.08.31"]
[EventType "swiss"]
[EventRounds "7"]
[EventCountry "AUT"]
[SourceTitle "EXT 2016"]
[Source "ChessBase"]
[SourceDate "2015.10.08"]
[SourceVersion "1"]
[SourceVersionDate "2015.10.08"]
[SourceQuality "1"]

1. e4 e5 2. Nf3 Nc6 3. Nc3 d6 4. Bc4 Be7 5. d3 Na5 6. Bb3 Nxb3 7. axb3 c6 8. 0-0 Nf6 9. d4 exd4 10. Nxd4 0-0 11. f3 Qc7 12. Nce2 d5 13. Ng3 Rd8 14. Re1 dxe4 15. Nxe4 c5 16. Nb5 Rxd1 17. Nxc7 Rxe1+ 18. Kf2 Rxc1 19. Rxc1 Rb8 20. Nxf6+ Bxf6 21. Nd5 Be6 22. Nc7 Rd8 23. Re1 Rd7 24. Nxe6 fxe6 25. Rxe6 Kf7 26. Re4 Rd2+ 27. Kg3 Rxc2 28. Ra4 Rxb2 29. Rxa7 Rxb3 30. h4 Rb4 31. f4 h5 32. Ra3 c4 33. Rf3 Rb3 34. f5 Rxf3+ 35. Kxf3 Bxh4 36. Ke2 Bg5 37. Kd1 Kf6 38. Kc2 Kxf5 39. Kc3 b5 40. Kb4 Ke4 41. Kc3 Ke3 42. Kb4 Kd3 43. Kc5 c3 0-1

[Event "Hoersching op 2nd"]
[Site "Hoersching"]
[Date "2014.08.26"]
[Round "4"]
[White "Wiesinger, Johann"]
[Black "Broser, Christian"]
[Result "1-0"]
[WhiteElo "1822"]
[BlackElo "1594"]
[PlyCount "31"]
[EventDate "2014.08.23"]
[EventType "swiss"]
[EventRounds "9"]
[EventCountry "AUT"]
[SourceTitle "EXT 2015"]
[Source "ChessBase"]
[SourceDate "2014.11.20"]
[SourceVersion "1"]
[SourceVersionDate "2014.11.20"]
[SourceQuality "1"]

1. e4 e5 2. Nf3 Nc6 3. Bb5 d6 4. c3 Nf6 5. d3 Be7 6. 0-0 0-0 7. h3 h6 8. Nbd2 Nh7 9. Re1 Ng5 10. Ba4 f5 11. exf5 Bxf5 12. Qb3+ Kh8 13. Qxb7 Na5 14. Qa6 c5 15. b4 cxb4 16. cxb4 1-0

[Event "Hoersching op 2nd"]
[Site "Hoersching"]
[Date "2014.08.23"]
[Round "1"]
[White "Broser, Christian"]
[Black "Nussbaumer, Josef"]
[Result "1/2-1/2"]
[WhiteElo "1594"]
[BlackElo "1910"]
[PlyCount "135"]
[EventDate "2014.08.23"]
[EventType "swiss"]
[EventRounds "9"]
[EventCountry "AUT"]
[SourceTitle "EXT 2015"]
[Source "ChessBase"]
[SourceDate "2014.11.20"]
[SourceVersion "1"]
[SourceVersionDate "2014.11.20"]
[SourceQuality "1"]

1. e4 e5 2. Nf3 Nc6 3. Nc3 Nf6 4. Bc4 Nxe4 5. Bxf7+ Kxf7 6. Nxe4 d5 7. Neg5+ Ke8 8. d3 h6 9. Nh3 Bxh3 10. gxh3 Qf6 11. Qe2 Kd7 12. Be3 d4 13. Bd2 Bd6 14. 0-0-0 Rhf8 15. Ng1 Ne7 16. Qg4+ Nf5 17. Ne2 Rf7 18. Ng3 Raf8 19. Ne4 Qe6 20. Kb1 Be7 21. Rhg1 b6 22. Qh5 Nh4 23. c3 Nf3 24. Rg6 Nxd2+ 25. Rxd2 Rf5 26. Qg4 Bf6 27. Nxf6+ R5xf6 28. Rxg7+ R8f7 29. Rxf7+ Rxf7 30. cxd4 Qxg4 31. hxg4 exd4 32. Re2 Rf4 33. h3 Rf3 34. Kc2 Rxh3 35. b4 Rh2 36. Kd2 Rh1 37. Re1 Rh2 38. Ke2 h5 39. Rg1 Ke6 40. Kf3 hxg4+ 41. Rxg4 Kd5 42. Rg5+ Kd6 43. a4 c5 44. bxc5+ bxc5 45. Rg6+ Kc7 46. Rf6 Rh4 47. a5 Rh1 48. Ke4 Ra1 49. a6 Rb1 50. Kd5 Rb3 51. Rf7+ Kd8 52. Kc6 Rb6+ 53. Kxc5 Rxa6 54. Kxd4 Ra1 55. f4 a5 56. f5 a4 57. f6 Ke8 58. Ra7 Rf1 59. Ke5 Re1+ 60. Kd4 Rf1 61. Ke5 Re1+ 62. Kd5 Ra1 63. d4 a3 64. Kd6 a2 65. d5 Kf8 66. Ra6 Kf7 67. Kd7 Kf8 68. Ra8+ 1/2-1/2